Statistiques concernant Les Personnages de Mario Strikers : Battle League Football

Cliquez ici pour prendre le quiz!

Statistiques générales

  • Ce quiz a été pris 78 fois
    (21 depuis la dernière actualisation)
  • Le résultat moyen est 12 sur 14

Statistiques - réponses

Personnage% Correct
Bowser
100%
Luigi
100%
Mario
100%
Peach
100%
Waluigi
100%
Wario
100%
Daisy
94%
Donkey Kong
83%
Toad
83%
Yoshi
83%
Harmonie
72%
Maskass
67%
Diddy Kong
56%
Pauline
28%

Distribution des résultats

Percentile par nombre de réponses

% des personnes avec chaque résultat

Votre développement - résultats

Vous n’avez pas pris ce quiz depuis la dernière actualisation